| 000 | 00000nam 2200000za 4500 |
| 001 | 9.852110 |
| 003 | CaOODSP |
| 005 | 20221107154518 |
| 007 | cr ||||||||||| |
| 008 | 180220s1995 oncdbo #ob f000 0 eng d |
| 040 | |aCaOODSP|beng |
| 041 | 0 |aeng|bfre |
| 043 | |an-cn-qu |
| 086 | 1 |aR32-415/1995E-PDF |
| 245 | 04|aThe Seigneury of Sault St. Louis |h[electronic resource] / |cprepared by Joan Holmes & Associates, Inc. ; for the Working Group on the Seigneury of Sault St. Louis Grievance, Canada - Kahnawake Relations. |
| 260 | |a[Ottawa?] : |bClaims and Historical Research Centre, |c1995. |
| 300 | |a16 v. : |bgraphs, maps, photographs |
| 500 | |a"March 1995." |
| 500 | |aTitle from cover. |
| 500 | |aDigitized edition from print [produced by Indigenous and Northern Affairs Canada]. |
| 504 | |aIncludes bibliographical references. |
| 520 | |aCompilation of various documents related to the Seigneury of Sault St. Louis. |
| 546 | |aText in English with some text in French. |
| 692 | 07|2gccst|aAboriginal reserves |
| 692 | 07|2gccst|aLand claims |
| 692 | 07|2gccst|aCanadian history |
| 710 | 2 |aTreaties and Historical Research Centre (Canada) |
| 710 | 1 |aCanada. |bIndian and Northern Affairs Canada. |
| 856 | 40|qPDF|s9.16 MB|uhttps://publications.gc.ca/collections/collection_2018/aanc-inac/R32-415-1995-0-eng.pdf|zSecondary source index |
| 856 | 40|qPDF|s47.12 MB|uhttps://publications.gc.ca/collections/collection_2018/aanc-inac/R32-415-1995-1-1-eng.pdf|zv. 1, pt. 1 |
| 856 | 40|qPDF|s87.62 MB|uhttps://publications.gc.ca/collections/collection_2018/aanc-inac/R32-415-1995-1-2-eng.pdf|zv. 1, pt. 2 |
| 856 | 40|qPDF|s103.23 MB|uhttps://publications.gc.ca/collections/collection_2018/aanc-inac/R32-415-1995-2-eng.pdf|zv. 2 |
| 856 | 40|qPDF|s85.06 MB|uhttps://publications.gc.ca/collections/collection_2018/aanc-inac/R32-415-1995-3-1-eng.pdf|zv. 3, pt. 1 |
| 856 | 40|qPDF|s156.18 MB|uhttps://publications.gc.ca/collections/collection_2018/aanc-inac/R32-415-1995-3-2-eng.pdf|zv. 3, pt. 2 |
| 856 | 40|qPDF|s140.86 MB|uhttps://publications.gc.ca/collections/collection_2018/aanc-inac/R32-415-1995-4-1-eng.pdf|zv. 4, pt. 1 |
| 856 | 40|qPDF|s178.69 MB|uhttps://publications.gc.ca/collections/collection_2018/aanc-inac/R32-415-1995-4-2-eng.pdf|zv. 4, pt. 2 |
| 856 | 40|qPDF|s75.49 MB|uhttps://publications.gc.ca/collections/collection_2018/aanc-inac/R32-415-1995-5-1-eng.pdf|zv. 5, pt. 1 |
| 856 | 40|qPDF|s119.12 MB|uhttps://publications.gc.ca/collections/collection_2018/aanc-inac/R32-415-1995-5-2-eng.pdf|zv. 5, pt. 2 |
| 856 | 40|qPDF|s86.97 MB|uhttps://publications.gc.ca/collections/collection_2018/aanc-inac/R32-415-1995-6-1-eng.pdf|zv. 6, pt. 1 |
| 856 | 40|qPDF|s153.96 MB|uhttps://publications.gc.ca/collections/collection_2018/aanc-inac/R32-415-1995-6-2-eng.pdf|zv. 6, pt. 2 |
| 856 | 40|qPDF|s128.67 MB|uhttps://publications.gc.ca/collections/collection_2018/aanc-inac/R32-415-1995-7-1-eng.pdf|zv. 7, pt. 1 |
| 856 | 40|qPDF|s72.37 MB|uhttps://publications.gc.ca/collections/collection_2018/aanc-inac/R32-415-1995-7-2-eng.pdf|zv. 7, pt. 2 |
| 856 | 40|qPDF|s48.07 MB|uhttps://publications.gc.ca/collections/collection_2018/aanc-inac/R32-415-1995-8-eng.pdf|zv. 8 |
| 856 | 40|qPDF|s29.13 MB|uhttps://publications.gc.ca/collections/collection_2018/aanc-inac/R32-415-1995-9-eng.pdf|zv. 9 |